Firozullughat : (Record no. 346941)
[ view plain ]
| 000 -LEADER | |
|---|---|
| fixed length control field | 00560 a2200133 4500 |
| 020 ## - INTERNATIONAL STANDARD BOOK NUMBER | |
| International Standard Book Number | 9690005146 (unknown binding) |
| 020 ## - INTERNATIONAL STANDARD BOOK NUMBER | |
| International Standard Book Number | 9789690005144 (unknown binding) |
| 090 ## - LOCALLY ASSIGNED LC-TYPE CALL NUMBER (OCLC); LOCAL CALL NUMBER (RLIN) | |
| -- | 4498 |
| -- | 4498 |
| 245 00 - TITLE STATEMENT | |
| Title | Firozullughat : |
| Remainder of title | urdu jami : |
| -- | sava lakh ke qarib qadim va muravvajah alfaz, murakkabat, mushtaqqat, muhavarat, zarbulamsal niz jadid ilmi, adabi, aur fanni istilahat. |
| 260 ## - PUBLICATION, DISTRIBUTION, ETC. | |
| Place of publication, distribution, etc. | [S.l.] : |
| Name of publisher, distributor, etc. | Firozsanz, |
| Date of publication, distribution, etc. | 1989. |
| 300 ## - PHYSICAL DESCRIPTION | |
| Extent | 1472 p. |
| 856 40 - ELECTRONIC LOCATION AND ACCESS | |
| Materials specified | Amazon.com |
| Uniform Resource Identifier | <a href="http://www.amazon.com/exec/obidos/ASIN/9690005146/chopaconline-20">http://www.amazon.com/exec/obidos/ASIN/9690005146/chopaconline-20</a> |
| 942 ## - ADDED ENTRY ELEMENTS (KOHA) | |
| Institution code [OBSOLETE] | NBS |
| Koha item type | Book |
| Call number prefix | 39.91439 DIN |
| Withdrawn status | Lost status | Source of classification or shelving scheme | Damaged status | Not for loan | Permanent Location | Current Location | Date acquired | Total Checkouts | Full call number | Barcode | Date last seen | Date last checked out | Price effective from | Koha item type |
|---|---|---|---|---|---|---|---|---|---|---|---|---|---|---|
| Central Library (CL) | Central Library (CL) | 08/28/2013 | 2 | 39.91439 DIN | NBS2824 | 12/21/2022 | 12/14/2022 | 08/28/2013 | Book |
